[Event "Aeroflot Open B 2017"]
[Site "Moscow RUS"]
[Date "2017.02.25"]
[Round "5.44"]
[White "Gurvich, Vitaly"]
[Black "Bogaudinov, Rushan"]
[Result "1/2-1/2"]
[WhiteTitle "FM"]
[WhiteElo "2342"]
[BlackElo "2241"]
[WhiteFideId "24164852"]
[BlackFideId "4129288"]
[EventDate "2017.02.21"]

1. d4 Nf6 2. c4 g6 3. Nc3 Bg7 4. e4 d6 5. Be2 O-O 6. Bg5 Nbd7 7. Qd2 e5 8. Nf3
exd4 9. Nxd4 Nc5 10. Qf4 h6 11. Bxh6 Bxh6 12. Qxh6 Nfxe4 13. Nxe4 Nxe4 14. Qf4
Re8 15. O-O Qg5 16. Qxg5 Nxg5 17. Rfe1 Bd7 18. f3 Ne6 19. Nc2 Nf4 20. Bf1 Rxe1
21. Rxe1 Re8 22. Rd1 Kf8 23. Kf2 a6 24. Ne3 Bc6 25. h4 Kg7 26. b3 Rh8 27. g3 Ne6
28. Nd5 a5 29. Ne3 Nc5 30. Bg2 Re8 31. Nc2 Ne6 32. Bh3 Kf6 33. Ne3 Nc5 34. Bg2
Kg7 35. Nc2 Ne6 36. Rd2 Ra8 37. Nd4 Nxd4 38. Rxd4 Re8 39. Rd2 Kf6 40. a3 Re7 41.
Bf1 Re8 42. Be2 Ra8 43. Ke3 Re8+ 1/2-1/2

[Event "Aeroflot Open B 2017"]
[Site "Moscow RUS"]
[Date "2017.02.25"]
[Round "5.45"]
[White "Spichkin, Alexander"]
[Black "Navalgund, Niranjan"]
[Result "0-1"]
[WhiteElo "2143"]
[BlackElo "2327"]
[WhiteFideId "4144074"]
[BlackFideId "5030854"]
[EventDate "2017.02.21"]

1. d4 g6 2. Bf4 Bg7 3. e3 d6 4. Nf3 Nd7 5. h3 e5 6. Bh2 Nh6 7. dxe5 Nxe5 8. Nxe5
Bxe5 9. Bxe5 dxe5 10. Qxd8+ Kxd8 11. Nc3 c6 12. O-O-O+ Ke7 13. Bc4 f5 14. f4 Be6
15. Be2 Raf8 16. Rd2 Rd8 17. Rxd8 Kxd8 18. a4 a5 19. Bf3 Kc7 20. b3 Rf8 21. g4
Nf7 22. g5 h6 23. h4 hxg5 24. hxg5 Rh8 25. Rxh8 Nxh8 26. Kd2 Nf7 27. Ke2 Kd6 28.
Kd2 Kc5 29. Ne2 b5 30. axb5 cxb5 31. Kc3 Bc8 32. Nc1 b4+ 33. Kd2 Ba6 34. Bd1 Bb5
35. c4 bxc3+ 36. Kxc3 Nd8 37. Bc2 exf4 38. exf4 Ne6 39. Na2 Nxf4 40. Kd2 Ne6 41.
Ke3 Nxg5 42. Kf4 Ne6+ 43. Ke5 Nd4 44. Bd1 Be2 45. b4+ axb4 46. Ba4 Bb5 47. Bd1
Ne2 48. Bc2 Bc4 49. Nxb4 Kxb4 50. Bxf5 gxf5 51. Kxf5 Kc5 52. Ke5 Bd5 53. Kf5 Kd6
54. Kf6 Be6 55. Kg6 Ke5 56. Kg7 Nf4 57. Kh6 Kf6 58. Kh7 Ng6 59. Kh6 Bg8 60. Kh5
Ne5 61. Kh4 Kf5 62. Kg3 Ng4 63. Kf3 Bc4 64. Kg3 Bd5 65. Kh4 Kf4 66. Kh5 Bf7+ 67.
Kh4 Be8 68. Kh3 Ne3 69. Kh4 Ng2+ 70. Kh3 Kf3 71. Kh2 Kf2 72. Kh3 Bd7+ 73. Kh2
Bc8 74. Kh1 Ne3 0-1

[Event "Aeroflot Open B 2017"]
[Site "Moscow RUS"]
[Date "2017.02.25"]
[Round "5.46"]
[White "Hakobyan, Hovhannes H."]
[Black "Smirnov, Timofey"]
[Result "1/2-1/2"]
[WhiteElo "2103"]
[BlackElo "2323"]
[WhiteFideId "13306308"]
[BlackFideId "24176427"]
[EventDate "2017.02.21"]

1. e4 c5 2. Nf3 d6 3. d4 cxd4 4. Qxd4 Nc6 5. Bb5 Bd7 6. Bxc6 Bxc6 7. Nc3 Nf6 8.
Bg5 e6 9. Qd3 Qa5 10. O-O-O Be7 11. h4 a6 12. Nd4 Bd7 13. f4 Qc7 14. Rhe1 h6 15.
Bxf6 Bxf6 16. h5 O-O 17. Nf3 Be7 18. g4 b5 19. Ne2 Qc4 20. Qxc4 bxc4 21. Rd4 Bb5
22. Nc3 Rfc8 23. Nd2 e5 24. fxe5 dxe5 25. Rd5 Bh4 26. Re2 Bg3 27. a4 Bc6 28. Rd6
Bf4 29. Kd1 Be8 30. Nd5 Bg5 31. a5 Rc5 32. Nb6 Rb8 33. Ndxc4 Bb5 34. b3 Bxc4 35.
bxc4 Rxa5 36. c3 Ra1+ 37. Kc2 Rc1+ 38. Kb2 Rg1 39. Kc2 Rc1+ 40. Kb2 Rg1 41. Kc2
Rc1+ 1/2-1/2

[Event "Aeroflot Open B 2017"]
[Site "Moscow RUS"]
[Date "2017.02.25"]
[Round "5.47"]
[White "Danielyan, Vahe"]
[Black "Papin, Vasily"]
[Result "1-0"]
[WhiteTitle "FM"]
[BlackTitle "GM"]
[WhiteElo "2282"]
[BlackElo "2456"]
[WhiteFideId "13304828"]
[BlackFideId "4143183"]
[EventDate "2017.02.21"]

1. e4 c5 2. Nc3 e6 3. Nf3 a6 4. g3 b5 5. d4 cxd4 6. Nxd4 Bb7 7. Bg2 b4 8. Na4
Nf6 9. Qe2 Qa5 10. b3 Nc6 11. Bb2 Be7 12. O-O O-O 13. Rfd1 Qc7 14. e5 Nxd4 15.
Bxd4 Nd5 16. Bxd5 exd5 17. Rac1 Bc6 18. Nb6 Rab8 19. Qxa6 f6 20. c4 bxc3 21.
Rxc3 fxe5 22. Nxd5 Qd6 23. Nxe7+ Qxe7 24. Bc5 Qf6 25. Rd6 Qf5 26. Rxc6 dxc6 27.
Bxf8 Rxf8 28. Qe2 Rf6 29. a4 h6 30. Re3 Rd6 31. Rxe5 Qb1+ 32. Kg2 Qxb3 33. Re8+
Kh7 34. Qe4+ Rg6 35. a5 Qa2 36. a6 c5 37. Qa8 Rf6 38. Rh8+ Kg6 39. Qe4+ Kh5 40.
Qe8+ Rf7 41. Qe5+ g5 42. g4+ Kxg4 43. Qg3+ Kf5 44. Qh3+ Kf4 45. Qf3+ Ke5 46.
Qe3+ Kf5 47. Qxc5+ Kg4 48. Qc8+ Kf4 49. Qb8+ Kf5 50. Qb5+ Kg4 51. Qf1 Kh5 52.
Kg1 Rf4 53. h3 Rxf2 54. Qxf2 Qa1+ 55. Kg2 Qxh8 56. a7 Kg6 57. Qc2+ Kf7 58. Qc7+ 1-0

[Event "Aeroflot Open B 2017"]
[Site "Moscow RUS"]
[Date "2017.02.25"]
[Round "5.48"]
[White "Badmatsyrenov, Oleg"]
[Black "Yandarbiev, Ruslan"]
[Result "1/2-1/2"]
[WhiteTitle "IM"]
[BlackTitle "IM"]
[WhiteElo "2456"]
[BlackElo "2311"]
[WhiteFideId "24115762"]
[BlackFideId "4115023"]
[EventDate "2017.02.21"]

1. e4 c5 2. Nf3 d6 3. d4 Nf6 4. Nc3 cxd4 5. Nxd4 a6 6. Be3 e5 7. Nf3 Be7 8. Bc4
O-O 9. O-O Qc7 10. Qd3 Nc6 11. a3 Na5 12. Ba2 Be6 13. Bxe6 fxe6 14. Ng5 Qc8 15.
Na4 Nc4 16. b3 b5 17. bxc4 bxa4 18. Rab1 h6 19. Nf3 Nd7 20. Nd2 Qc6 21. Qe2 Bd8
22. Qg4 Rf6 23. Rfd1 Kh7 24. Nf1 Bc7 25. Ng3 Qxc4 26. Rb4 Qc6 27. Qh4 a5 28.
Rbb1 Re8 29. Qh5 Ref8 30. Qe2 Rb8 31. Rxb8 Bxb8 32. Qd3 Rf8 33. Nf1 Rc8 34. Rb1
Qxc2 35. Qb5 Qc6 36. Qxa5 Qxe4 37. Rb4 Qc6 38. Rxa4 d5 39. Rh4 Bd6 40. g4 Kg8
41. Qd2 Bf8 42. Qd1 d4 43. Bd2 e4 44. Rh5 g6 45. Ra5 Bg7 46. Bf4 g5 47. Bg3 Nc5
48. Ra7 Nd3 49. Qb3 Nf4 50. Bxf4 gxf4 51. Re7 Re8 52. Rxe8+ Qxe8 53. Qb7 Qg6 54.
Qb8+ Bf8 55. Qxf4 Bxa3 56. Ng3 e3 57. Qxd4 exf2+ 58. Kxf2 Qc2+ 59. Kf3 Qxh2 60.
Qc4 Bf8 61. Qxe6+ Kh8 62. Qe8 Kg8 63. Ne4 Qh1+ 64. Kf4 Qf1+ 65. Ke5 Qf7 66. Qc8
Qe7+ 67. Kf4 Qf7+ 68. Kg3 Qg6 69. Kf3 Qf7+ 70. Kg2 Qg6 71. Ng3 Kf7 72. Kh3 Qe6
73. Qc2 Qe3 74. Kg2 Bc5 75. Qf5+ Kg8 76. Qg6+ Kf8 77. Qf6+ Kg8 78. Kh3 Be7 79.
Qg6+ Kf8 80. Qf5+ Kg7 81. Qd5 Kf8 82. Kg2 Bc5 83. Qc4 Qd2+ 84. Kh3 Qe3 85. Qf1+
Ke7 86. Kg2 Qd2+ 87. Ne2 Qd5+ 88. Kh3 Qd3+ 89. Kh4 Be3 90. Ng3 Bg5+ 91. Kh3 Qe3
92. Kg2 Qd2+ 93. Kh3 Qe3 94. Kg2 Qd2+ 95. Ne2 Qd5+ 96. Qf3 Kd6 97. Kg3 Qxf3+ 98.
Kxf3 Ke5 1/2-1/2

[Event "Aeroflot Open B 2017"]
[Site "Moscow RUS"]
[Date "2017.02.25"]
[Round "5.49"]
[White "Faizrakhmanov, Ramil"]
[Black "Levushkina, Elena"]
[Result "1-0"]
[WhiteTitle "FM"]
[BlackTitle "WGM"]
[WhiteElo "2432"]
[BlackElo "2306"]
[WhiteFideId "24103209"]
[BlackFideId "14200686"]
[EventDate "2017.02.21"]

1. d4 d5 2. c4 dxc4 3. Nf3 Nf6 4. e3 Bg4 5. Bxc4 e6 6. O-O a6 7. h3 Bh5 8. Nbd2
Nc6 9. Be2 Bd6 10. b3 O-O 11. Bb2 Qe7 12. Rc1 Rad8 13. Nc4 Nb4 14. Nxd6 cxd6 15.
a3 Nbd5 16. Nd2 Bg6 17. Bf3 e5 18. Nc4 e4 19. Be2 Ne8 20. Qd2 f5 21. Qa5 Bf7 22.
Nb6 Nxb6 23. Qxb6 Be6 24. d5 Bxd5 25. b4 Nf6 26. Rfd1 Bb3 27. Rc7 Rd7 28. Rxd7
Qxd7 29. Rxd6 Qf7 30. Bxf6 gxf6 31. Qd4 Re8 32. Rxf6 Qg7 33. Bc4+ Bxc4 34. Qxc4+
Kh8 35. Rxf5 Qa1+ 36. Kh2 Qg7 37. Qf7 Rc8 38. Qxg7+ Kxg7 39. Re5 Rc3 40. Rxe4 b5
41. Re7+ Kg8 42. g4 Rxa3 43. Kg3 Ra4 44. Ra7 Rxb4 45. Rxa6 Rb1 46. Rb6 b4 47. e4
b3 48. Rb7 Kf8 49. Kf4 b2 50. Kf5 Ke8 51. e5 Kd8 52. e6 Rh1 53. Rxb2 Rxh3 54. f4 1-0

[Event "Aeroflot Open B 2017"]
[Site "Moscow RUS"]
[Date "2017.02.25"]
[Round "5.50"]
[White "Makoveev, Ilya"]
[Black "Mu, Ke"]
[Result "0-1"]
[WhiteElo "2202"]
[BlackElo "2431"]
[WhiteFideId "34155748"]
[BlackFideId "8602778"]
[EventDate "2017.02.21"]

1. e4 e5 2. Nf3 Nc6 3. Bc4 Bc5 4. c3 Nf6 5. d3 a6 6. Bb3 d6 7. Nbd2 Ba7 8. h3
O-O 9. Nf1 h6 10. g4 d5 11. Qe2 dxe4 12. dxe4 Nh7 13. Ng3 Be6 14. O-O Re8 15.
Rd1 Qf6 16. Nh5 Qe7 17. Bd5 Nd8 18. Ng3 c6 19. Bb3 Bxb3 20. axb3 Ne6 21. Nf5 Qc7
22. Be3 Bxe3 23. fxe3 Rad8 24. Kg2 Nf6 25. Qc2 Nc5 26. Ng3 a5 27. b4 Rxd1 28.
Rxd1 axb4 29. cxb4 Na6 30. Qc3 Qb6 31. Nxe5 Qxb4 32. Qxb4 Nxb4 33. Nd3 Nxd3 34.
Rxd3 Nxe4 35. Nf5 g6 36. Nd4 Rd8 37. Rb3 Rd7 38. Nf3 Kg7 39. Rb4 Re7 40. Rd4 Nf6
41. Kf2 Nd5 42. Rd3 Re4 43. Nd2 Rb4 44. b3 Kf6 45. Kf3 Ke6 46. Nc4 Nb6 47. Nd2
Nd7 48. Rc3 Ne5+ 49. Kf2 f5 50. gxf5+ gxf5 51. Nf1 Nf7 52. Ng3 Ng5 53. Kg2 Ne4
54. Nxe4 Rxe4 55. Kf3 Rb4 56. Rd3 Ke5 57. Rc3 Rb5 58. Rd3 c5 59. Rc3 b6 60. Rd3
Rb4 61. Rc3 Kd5 62. Rd3+ Kc6 63. Kg3 Kb5 64. Kf3 Rh4 65. Kg3 Re4 66. Kf3 Kb4 67.
Rd6 b5 68. Rd5 Rh4 69. Kg3 Rh5 70. Re5 Kxb3 71. h4 b4 72. Kh3 c4 73. e4 c3 74.
exf5 c2 75. Kg4 Rxh4+ 76. Kxh4 c1=Q 0-1

[Event "Aeroflot Open B 2017"]
[Site "Moscow RUS"]
[Date "2017.02.25"]
[Round "5.52"]
[White "Peng, Shunkai"]
[Black "Shuvalova, Polina"]
[Result "1-0"]
[WhiteTitle "CM"]
[BlackTitle "WIM"]
[WhiteElo "2137"]
[BlackElo "2387"]
[WhiteFideId "8614601"]
[BlackFideId "24171760"]
[EventDate "2017.02.21"]

1. e4 e5 2. Nf3 Nc6 3. Bc4 Nf6 4. d3 Be7 5. c3 O-O 6. O-O d5 7. exd5 Nxd5 8. Re1
Nb6 9. Bb5 f6 10. Nbd2 Bg4 11. Bxc6 bxc6 12. d4 exd4 13. Qb3+ Kh8 14. Nxd4 Qd7
15. h3 Bh5 16. Qe6 Rfe8 17. Qxd7 Nxd7 18. Re3 a6 19. N2b3 c5 20. Nf5 Bf8 21.
Rxe8 Rxe8 22. Be3 Bg6 23. Nh4 Be4 24. f4 c4 25. Nd2 Bd3 26. Re1 Kg8 27. Nhf3 Kf7
28. Kf2 Bd6 29. g3 Nc5 30. Kg2 Rb8 31. Bxc5 Bxc5 32. b4 cxb3 33. axb3 Rb6 34. b4
Bf8 35. Re3 Bb5 36. Nb3 Bc4 37. Nfd4 h5 38. h4 Rb8 39. Kf2 Rd8 40. Re1 Bxb3 41.
Nxb3 Rd3 42. Re3 Rd1 43. Ke2 Rg1 44. Kd3 Bd6 45. Nd2 Bf8 46. Kc4 Ra1 47. Nb3 Ra3
48. Nd4 Ra1 49. Kd5 Rd1 50. Kc4 g5 51. fxg5 fxg5 52. Rf3+ Kg8 53. hxg5 Bd6 54.
Nf5 Bf8 55. Re3 Kf7 56. Nh4 Bd6 57. Rf3+ Kg8 58. g6 Rg1 59. Nf5 Be5 60. Re3 1-0

[Event "Aeroflot Open B 2017"]
[Site "Moscow RUS"]
[Date "2017.02.25"]
[Round "5.53"]
[White "Lan, Zilun"]
[Black "Maltsevskaya, Aleksandra"]
[Result "1-0"]
[WhiteElo "2350"]
[BlackElo "2259"]
[WhiteFideId "8604193"]
[BlackFideId "24174041"]
[EventDate "2017.02.21"]

1. d4 Nf6 2. c4 g6 3. Nc3 Bg7 4. e4 d6 5. f3 O-O 6. Bg5 Nc6 7. Nge2 e5 8. dxe5
Nxe5 9. Nd4 h6 10. Be3 Re8 11. Qd2 Kh7 12. Be2 a6 13. O-O Bd7 14. Rac1 c5 15.
Nc2 Qb8 16. a4 Be6 17. b3 Nc6 18. Rcd1 Rd8 19. Kh1 Qc8 20. Bg1 Kg8 21. Rfe1 Na5
22. Rb1 Nc6 23. Bf1 Kh7 24. Nd5 Bxd5 25. cxd5 Na7 26. Na3 Qc7 27. f4 b5 28. axb5
axb5 29. Nxb5 Nxb5 30. Bxb5 Rab8 31. Bc6 Nh5 32. Qe3 Bd4 33. Qf3 Bxg1 34. Rxg1
Rb4 35. Rbe1 Rdb8 36. Re3 Ng7 37. f5 Qd8 38. f6 Ne8 39. Rf1 Nc7 40. Qd1 Ne8 41.
Qf3 Nc7 42. Qg3 Kg8 43. h3 Rd4 44. e5 dxe5 45. Rxe5 Qd6 46. Qe3 Qf8 47. Ra1 Rd8
48. b4 Nxd5 49. Bxd5 R4xd5 50. bxc5 Rd1+ 51. Rxd1 Rxd1+ 52. Kh2 Qb8 53. Qg3 Rc1
54. h4 Rc4 55. Qe3 Rxh4+ 56. Kg1 Qb1+ 57. Kf2 Qa2+ 58. Kg3 Qc4 59. c6 Qg4+ 60.
Kf2 Qf4+ 61. Qxf4 Rxf4+ 62. Ke3 Rc4 63. Re8+ Kh7 64. Rc8 g5 65. Kd3 Rc1 66. c7
h5 67. Ke4 Rc2 68. Ke5 h4 69. Kf5 Rf2+ 70. Kxg5 Rxg2+ 71. Kxh4 Rc2 72. Kg4 Rc1
73. Kf4 Rc2 74. Ke5 Rc1 75. Kd6 Rd1+ 76. Ke7 Re1+ 77. Kxf7 Rc1 78. Kf8 Kg6 79.
Kg8 Kf5 80. Ra8 Rxc7 81. f7 1-0

[Event "Aeroflot Open B 2017"]
[Site "Moscow RUS"]
[Date "2017.02.25"]
[Round "5.55"]
[White "Palachev, Petr"]
[Black "Zherebtsova, Alexandra"]
[Result "1/2-1/2"]
[WhiteTitle "FM"]
[BlackTitle "WFM"]
[WhiteElo "2418"]
[BlackElo "2186"]
[WhiteFideId "24129003"]
[BlackFideId "24129518"]
[EventDate "2017.02.21"]

1. Nf3 d5 2. g3 Nf6 3. Bg2 Bf5 4. c4 c6 5. O-O e6 6. cxd5 exd5 7. d3 Be7 8. Qb3
Qb6 9. Qc2 O-O 10. Nc3 Nbd7 11. e4 dxe4 12. dxe4 Bg6 13. Nh4 Nc5 14. Nxg6 hxg6
15. e5 Nfd7 16. Be3 Qc7 17. f4 Rad8 18. Rad1 Nb6 19. Ne2 Rxd1 20. Rxd1 Ne6 21.
Nc3 Rd8 22. b3 Rxd1+ 23. Qxd1 Bb4 24. Qd3 Qe7 25. Ne4 Nc8 26. Bh3 Bc5 27. Nxc5
Nxc5 28. Qc4 Ne6 29. a4 Nb6 30. Qd3 Qb4 31. Bxe6 fxe6 32. Bxb6 Qxb6+ 33. Kg2 Kh7
34. h4 Qc5 35. h5 Qd5+ 36. Qxd5 cxd5 37. hxg6+ Kxg6 38. g4 Kf7 39. Kf3 g6 40.
Ke3 a5 41. Kd4 b6 42. f5 1/2-1/2

[Event "Aeroflot Open B 2017"]
[Site "Moscow RUS"]
[Date "2017.02.25"]
[Round "5.56"]
[White "Gevorgyan, David Sh."]
[Black "Nogueira, Ivan Kuhlmann"]
[Result "1/2-1/2"]
[WhiteTitle "IM"]
[BlackTitle "FM"]
[WhiteElo "2324"]
[BlackElo "2308"]
[WhiteFideId "13303244"]
[BlackFideId "2101297"]
[EventDate "2017.02.21"]

1. e4 d5 2. exd5 Nf6 3. d4 Nxd5 4. Nf3 Bg4 5. Be2 Nc6 6. O-O g6 7. h3 Bxf3 8.
Bxf3 Bg7 9. c3 O-O 10. Qb3 Nb6 11. Bg5 Qd7 12. Re1 e5 13. Bg4 Qd6 14. dxe5 Nxe5
15. Rd1 Qc5 16. Be2 Nec4 17. Bxc4 Nxc4 18. Be7 Qxe7 19. Qxc4 Rad8 20. Nd2 Rfe8
21. Nf3 h6 22. Qb3 c6 23. Rxd8 Rxd8 24. Rd1 Rd7 25. Qc2 1/2-1/2

[Event "Aeroflot Open B 2017"]
[Site "Moscow RUS"]
[Date "2017.02.25"]
[Round "5.58"]
[White "Murzin, Volodar"]
[Black "Kathmale, Sameer"]
[Result "1/2-1/2"]
[BlackTitle "IM"]
[WhiteElo "2079"]
[BlackElo "2323"]
[WhiteFideId "44155573"]
[BlackFideId "5024498"]
[EventDate "2017.02.21"]

1. e4 c6 2. Nf3 d5 3. Nc3 Bg4 4. exd5 cxd5 5. h3 Bh5 6. Bb5+ Nc6 7. g4 Bg6 8.
Ne5 Rc8 9. d4 e6 10. Qe2 Bb4 11. h4 Nf6 12. h5 Be4 1/2-1/2

[Event "Aeroflot Open B 2017"]
[Site "Moscow RUS"]
[Date "2017.02.25"]
[Round "5.59"]
[White "Battaglini, Gabriel"]
[Black "Potapov, Pavel"]
[Result "1/2-1/2"]
[WhiteTitle "IM"]
[BlackTitle "GM"]
[WhiteElo "2444"]
[BlackElo "2493"]
[WhiteFideId "621650"]
[BlackFideId "4169786"]
[EventDate "2017.02.21"]

1. d4 f5 2. Nc3 Nf6 3. Bg5 d5 4. e3 e6 5. Nf3 c5 6. dxc5 Bxc5 7. Bd3 Nc6 8. O-O
O-O 9. Na4 Be7 10. c4 e5 11. cxd5 Qxd5 12. Nc3 Qa5 13. e4 f4 14. Nd5 Kh8 15.
Nxe7 Nxe7 16. b4 Qc7 17. Rc1 Qb8 18. Qc2 Bg4 19. Qc7 Bxf3 20. Qxe7 Re8 21. Qc7
Bh5 22. f3 Rc8 23. Qe7 Re8 24. Qc7 Rc8 25. Qe7 Re8 26. Qc7 Rc8 1/2-1/2

[Event "Aeroflot Open B 2017"]
[Site "Moscow RUS"]
[Date "2017.02.26"]
[Round "6.1"]
[White "Lintchevski, Daniil"]
[Black "Lugovskoy, Maxim"]
[Result "1/2-1/2"]
[WhiteTitle "GM"]
[BlackTitle "IM"]
[WhiteElo "2524"]
[BlackElo "2447"]
[WhiteFideId "4171055"]
[BlackFideId "24126454"]
[EventDate "2017.02.21"]

1. e4 e6 2. d4 d5 3. e5 c5 4. c3 Nc6 5. Nf3 Nh6 6. a3 Nf5 7. b4 cxd4 8. cxd4 Nh4
9. Nbd2 Bd7 10. Nxh4 Qxh4 11. Nf3 Qd8 12. Bd3 b5 13. O-O a5 14. bxa5 Nxa5 15.
Ng5 Be7 16. Qh5 g6 17. Qh6 Bf8 18. Qh3 Be7 19. Qh6 Bf8 20. Qh3 Be7 21. Qh6 1/2-1/2

[Event "Aeroflot Open B 2017"]
[Site "Moscow RUS"]
[Date "2017.02.26"]
[Round "6.2"]
[White "Sivuk, Vitaly"]
[Black "Kozionov, Kirill"]
[Result "0-1"]
[WhiteTitle "GM"]
[BlackTitle "IM"]
[WhiteElo "2520"]
[BlackElo "2439"]
[WhiteFideId "14116502"]
[BlackFideId "24101729"]
[EventDate "2017.02.21"]

1. e4 e5 2. Nf3 Nc6 3. Bc4 Bc5 4. O-O Nf6 5. d3 O-O 6. a4 a5 7. c3 d5 8. exd5
Nxd5 9. Re1 Bg4 10. h3 Bh5 11. Nbd2 Nb6 12. Bb5 Bd6 13. Ne4 Na7 14. d4 Nxb5 15.
dxe5 Nxc3 16. bxc3 Be7 17. Qxd8 Rfxd8 18. Nd4 Bg6 19. Bg5 Bxg5 20. Nxg5 h6 21.
Ngf3 Nd5 22. c4 Nf4 23. e6 Nxe6 24. Nxe6 fxe6 25. Rxe6 Be8 26. Ne5 Rd6 27. Rxd6
cxd6 28. Ng4 Ra6 29. Ne3 Rb6 30. Nd5 Rb2 31. Ra3 Bc6 32. Ne7+ Kf7 33. Nxc6 bxc6
34. Rf3+ Ke6 35. Re3+ Kf6 36. Rd3 Ke6 37. Re3+ Kd7 38. Rf3 Rb4 39. Rf7+ Ke6 40.
Rxg7 Rxc4 41. Rg6+ Ke5 42. Rxh6 d5 43. Kf1 c5 44. h4 d4 45. Ke2 Rc2+ 46. Kd3
Rc3+ 47. Kd2 Ra3 48. h5 Kd5 49. Ke2 Ra2+ 50. Kf3 Ra3+ 51. Ke2 Ra2+ 52. Kf3 Ra3+
53. Ke2 c4 54. Rh8 Ke4 55. Re8+ Kf5 56. g4+ Kf4 57. h6 d3+ 58. Kf1 d2 59. Ke2
Rd3 60. Kd1 c3 61. Rc8 Rh3 62. Rf8+ Kg5 63. Rg8+ Kf6 64. g5+ Ke7 65. Rg7+ Ke6
66. Rg6+ Kd5 67. Kc2 0-1

[Event "Aeroflot Open B 2017"]
[Site "Moscow RUS"]
[Date "2017.02.26"]
[Round "6.3"]
[White "Elistratov, Semen"]
[Black "Levin, Evgeny A."]
[Result "1/2-1/2"]
[WhiteTitle "FM"]
[BlackTitle "GM"]
[WhiteElo "2407"]
[BlackElo "2506"]
[WhiteFideId "24134325"]
[BlackFideId "4182596"]
[EventDate "2017.02.21"]

1. e4 c5 2. Nf3 d6 3. d4 Nf6 4. Nc3 cxd4 5. Nxd4 a6 6. h3 e6 7. g4 h6 8. Bg2 Be7
9. Be3 Nc6 10. f4 Nd7 11. O-O Nxd4 12. Qxd4 O-O 13. Qd2 Rb8 14. Rad1 b5 15. Ne2
Qc7 16. Ng3 Nf6 17. Qf2 Bb7 18. c3 Nd7 19. Nh5 e5 20. f5 Nf6 21. Nxf6+ Bxf6 1/2-1/2

[Event "Aeroflot Open B 2017"]
[Site "Moscow RUS"]
[Date "2017.02.26"]
[Round "6.4"]
[White "Lin, Chen"]
[Black "Hakobyan, Aram"]
[Result "1/2-1/2"]
[WhiteTitle "GM"]
[BlackTitle "FM"]
[WhiteElo "2478"]
[BlackElo "2438"]
[WhiteFideId "8602298"]
[BlackFideId "13306677"]
[EventDate "2017.02.21"]

1. e4 e6 2. d4 d5 3. Nd2 c5 4. exd5 Qxd5 5. Ngf3 cxd4 6. Bc4 Qd8 7. O-O Nf6 8.
Nb3 Nc6 9. Nbxd4 Nxd4 10. Nxd4 Bc5 11. c3 O-O 12. Bg5 h6 13. Bh4 Bxd4 14. cxd4
b6 15. Qf3 Rb8 16. Bxf6 Qxf6 17. Qxf6 gxf6 18. d5 exd5 19. Bxd5 Rd8 20. Rfd1 Be6
21. Bxe6 1/2-1/2

[Event "Aeroflot Open B 2017"]
[Site "Moscow RUS"]
[Date "2017.02.26"]
[Round "6.5"]
[White "Sviridov, Valery"]
[Black "Kazakovskiy, Valeriy"]
[Result "1-0"]
[BlackTitle "IM"]
[WhiteElo "2515"]
[BlackElo "2429"]
[WhiteFideId "4120680"]
[BlackFideId "13507443"]
[EventDate "2017.02.21"]

1. Nf3 Nf6 2. g3 e6 3. Bg2 d5 4. O-O Be7 5. c4 dxc4 6. Na3 Bxa3 7. bxa3 O-O 8.
Qc2 Nc6 9. Bb2 Re8 10. Qxc4 e5 11. d3 Be6 12. Qb5 Bd7 13. Qc5 Bg4 14. Rfc1 Qd6
15. h3 Qxc5 16. Rxc5 Bxf3 17. Bxf3 e4 18. dxe4 Nxe4 19. Rb5 Nd8 20. Rc1 c6 21.
Rb4 f5 22. Rd4 Re7 23. Bxe4 fxe4 24. Rcc4 e3 25. f4 Nf7 26. Kg2 h5 27. a4 Nh6
28. Kf3 Nf5 29. Rd3 Kf7 30. Rc5 g6 31. a5 Re6 32. g4 hxg4+ 33. hxg4 Ne7 34. f5
gxf5 35. gxf5 Rh6 36. Rd7 Kf8 37. Ba3 Rh3+ 38. Kg2 1-0

[Event "Aeroflot Open B 2017"]
[Site "Moscow RUS"]
[Date "2017.02.26"]
[Round "6.6"]
[White "Battaglini, Gabriel"]
[Black "Hayrapetyan, Hovik"]
[Result "1-0"]
[WhiteTitle "IM"]
[BlackTitle "GM"]
[WhiteElo "2444"]
[BlackElo "2514"]
[WhiteFideId "621650"]
[BlackFideId "13302639"]
[EventDate "2017.02.21"]

1. d4 Nf6 2. c4 e6 3. Nc3 Bb4 4. g3 O-O 5. Bg2 d5 6. a3 Be7 7. Nf3 dxc4 8. Ne5
Nc6 9. Bxc6 bxc6 10. Nxc6 Qe8 11. Nxe7+ Qxe7 12. Qa4 Bb7 13. O-O c5 14. Qxc4
cxd4 15. Qxd4 e5 16. Qh4 Qe6 17. e4 Rfc8 18. Be3 Ng4 19. Nd5 Bxd5 20. exd5 Qf5
21. Rad1 Rd8 22. Bg5 f6 23. h3 fxg5 24. Qxg4 Qxg4 25. hxg4 Kf7 26. Rfe1 Kf6 27.
Rd3 Re8 28. Rf3+ Kg6 29. Rc1 Rac8 30. Rc6+ Rxc6 31. dxc6 Rc8 32. Rc3 Kf6 33. b4
a6 34. c7 Ke6 35. Rc6+ Kd5 36. Rxa6 Rxc7 37. b5 Rc1+ 38. Kg2 Rb1 39. a4 e4 40.
b6 e3 41. fxe3 Ke4 42. a5 Rb2+ 43. Kh3 Kxe3 44. Ra8 Kf2 45. Rc8 Rd2 46. Rc6 Kg1
47. Rc1+ Kf2 48. Kh2 Rb2 49. Rg1 Rb5 50. Rg2+ Kf1 51. Ra2 Rb3 52. Rc2 Rb5 53.
Rc8 Rb2+ 54. Kh1 Kf2 55. Rf8+ Kxg3 56. Kg1 h5 57. gxh5 g4 58. Kf1 Kh2 59. Rg8
Rb5 60. Rxg7 Rxa5 61. Rxg4 Rb5 62. Rg6 Rxh5 63. Ke2 1-0

[Event "Aeroflot Open B 2017"]
[Site "Moscow RUS"]
[Date "2017.02.26"]
[Round "6.7"]
[White "Makhmutov, Rail"]
[Black "Matinian, Nikita"]
[Result "1/2-1/2"]
[WhiteTitle "FM"]
[BlackTitle "IM"]
[WhiteElo "2437"]
[BlackElo "2494"]
[WhiteFideId "4122151"]
[BlackFideId "24129100"]
[EventDate "2017.02.21"]

1. e4 c5 2. Nf3 d6 3. Bb5+ Nd7 4. d4 cxd4 5. Qxd4 a6 6. Bxd7+ Bxd7 7. c4 e5 8.
Qd3 b5 9. Nc3 bxc4 10. Qxc4 Qc8 11. Qd3 Be6 12. b3 Be7 13. O-O Nf6 14. Bg5 O-O
15. Bxf6 Bxf6 16. Rfd1 Rd8 17. Rac1 Qb7 18. Nd5 Rd7 19. Rc4 Bd8 20. Ne1 a5 21.
Qc3 1/2-1/2

[Event "Aeroflot Open B 2017"]
[Site "Moscow RUS"]
[Date "2017.02.26"]
[Round "6.8"]
[White "Potapov, Pavel"]
[Black "Abdumalik, Zhansaya"]
[Result "1/2-1/2"]
[WhiteTitle "GM"]
[BlackTitle "WGM"]
[WhiteElo "2493"]
[BlackElo "2430"]
[WhiteFideId "4169786"]
[BlackFideId "13703544"]
[EventDate "2017.02.21"]

1. e4 e5 2. Nf3 Nc6 3. Nc3 Nf6 4. Bb5 Bd6 5. d3 O-O 6. a3 Nd4 7. Bc4 c6 8. Nxd4
exd4 9. Ne2 Bc7 10. Bg5 Re8 11. Qd2 Qe7 12. Ba2 d5 13. f3 h6 14. Bf4 Bxf4 15.
Qxf4 dxe4 16. fxe4 c5 17. O-O Be6 18. Bxe6 Qxe6 19. Ng3 Ng4 20. Nf5 Ne5 1/2-1/2